书目信息 |
| 题名: |
情报检索语言
|
|
| 作者: | 张琪玉 编著 | |
| 分册: | ||
| 出版信息: | 武汉 武汉大学出版社 1983 |
|
| 页数: | 241页 | |
| 开本: | 21cm | |
| 丛书名: | ||
| 单 册: | ||
| 中图分类: | G254.0 , G354.41 | |
| 科图分类: | ||
| 主题词: | 情报检索-检索语言 , 检索语言-情报检索 , 情报工作 | |
| 电子资源: | ||
| ISBN: | ||
| 000 | 00715nam0 2200277 45 | |
| 001 | 0183009656 | |
| 005 | 20040429104948.5 | |
| 010 | @dCNY1.00 | |
| 091 | @a13279.6 | |
| 100 | @a19950705d1983 em y0chiy0121 ea | |
| 101 | 0 | @achi |
| 102 | @aCN@b420000 | |
| 105 | @ay z 000yy | |
| 106 | @ar | |
| 200 | 10 | @a情报检索语言@Aqing bao jian suo yu yan@f张琪玉编著 |
| 210 | @a武汉@c武汉大学出版社@d1983 | |
| 215 | @a241页@d21cm | |
| 606 | @a情报检索-检索语言 | |
| 606 | @a检索语言-情报检索 | |
| 606 | 0 | @a情报工作 |
| 690 | @aG254.0@v3 | |
| 690 | @aG354.41 | |
| 701 | 0 | @a张琪玉@Azhang qi yu@4编著 |
| 801 | 0 | @aCN@b上海图书馆@c20040429 |
| 801 | 2 | @aCN@bNLC@c20040429 |
| 905 | @f4@b212071-074@dG354.41@e52 | |
| 情报检索语言/张琪玉编著.-武汉:武汉大学出版社,1983 |
| 241页;21cm |
| ISBN :CNY1.00 |
| ● |
| 相关链接 |
|
|
|
|
正题名:情报检索语言
索取号:G354.41/52
 
预约/预借
| 序号 | 登录号 | 条形码 | 馆藏地/架位号 | 状态 | 备注 |
| 1 | 0212071 | 000309204 | 密集书库/ [索取号:G354.41/52] | 在馆 | |
| 2 | 0212072 | 000309133 | 密集书库/ [索取号:G354.41/52] | 在馆 | |
| 3 | 0212073 | 000309142 | 密集书库/ [索取号:G354.41/52] | 在馆 | |
| 4 | 0212074 | 000309151 | 密集书库/ [索取号:G354.41/52] | 在馆 |